000 00398nam a22001457a 4500
005 20250823092452.0
008 250823b |||||||| |||| 00| 0 eng d
020 _a9781565631953
050 _aBM654
_bBRO
100 _aBROWN WILLIAM
245 _aTHE TABINACLE
_bITS PRIESTS AND ITS SSERVICES
260 _aLONDON
_bHENDRICKSON PUBLISHERS, INC.
_cc1996
300 _aviii, 220p
942 _2lcc
_cBK
_n0
999 _c7342
_d7342